Geography Quiz

Random Geography or Flags Quiz

Countries With Two-Colored Flags Quiz Stats

 Plays Quiz Updated Dec 15, 2018

Support Sporcle.
Go Orange.
Score 0/36 Timer 08:00
8 Plays Today
Country % Correct
Poland
84.5%
Japan
84.3%
China
84%
Canada
83.1%
Sweden
78.7%
Finland
75.1%
Denmark
69.9%
Greece
65.9%
Indonesia
64.7%
Turkey
63.4%
Monaco
61.9%
Ukraine
61.8%
Austria
61.5%
Switzerland
61.4%
Israel
55.8%
Vietnam
54.8%
Morocco
52.8%
Pakistan
52.6%
Country % Correct
Latvia
52.2%
Saudi Arabia
51.8%
Nigeria
49.9%
Bangladesh
46.7%
Tunisia
46.3%
Kazakhstan
42.3%
Qatar
41.9%
Albania
40.6%
Singapore
39.7%
Somalia
38.3%
Georgia
38%
North Macedonia
37.2%
Bahrain
36.7%
Honduras
36.6%
Palau
35.6%
Kyrgyzstan
35.4%
Tonga
30.2%
Micronesia
27.1%

From the Vault

Broken Words II

by rockgolf

Somebody needs to get a cast on that word.
Remove Ads.
Support Sporcle.
Get the best of Sporcle when you Go Orange. This ad-free experience offers more features, more stats, and more fun while also helping to support Sporcle. Thank you for becoming a member.

Show Comments

Extras

Top Quizzes Today


Score Distribution

Your Account Isn't Verified!

In order to create a playlist on Sporcle, you need to verify the email address you used during registration. Go to your Sporcle Settings to finish the process.

Report this User

Report this user for behavior that violates our Community Guidelines.

Details: